000
00196nmm a2200085Ia 4500
008
220120s9999||||xx |||||||||||||||||und||
100
_a
EFY
245
0
_a
Fedora electronic laboratory
260
_c
2008
999
_c
138588
_d
138588